Estadísticas para Sueco - Español

Haz click aquí para intentar la prueba.

Estadísticas generales

  • Esta prueba ha sido intentada 24 veces
  • La puntuación promedio es 14 de 37

Estadísticas de respuestas

HintRespuesta% Correcto
ÄterComer
100%
ÄrSer
92%
SoverDormir
77%
SpringerCorrer
69%
PratarHablar
69%
HarTener
69%
HopparSaltar
62%
SerVer
62%
BorVivir
62%
SkriverEscribir
54%
LäserLeer
54%
SimmarNadar
54%
SitterSentarse
54%
FlygerVolar
54%
GårCaminar
46%
Vill/ Vill haQuerer
46%
DrickerTomar
46%
ÄlskarAmar
38%
SjungerCantar
38%
LyssnarEscuchar
38%
HörOir
38%
ArbetarTrabajar
38%
LekerJugar
31%
RegnarLlover
31%
HeterLlamarse
23%
VisarMostrar
15%
SkrattarReir
15%
LagarCocinar
8%
RitarDibujar
8%
VäljerElegir
8%
HittarEncontrar
8%
TvåttarLavar
8%
StårPararse
8%
AnvänderUsar
8%
TarAgarrar
0%
StöttarApoyar
0%
GråterLlorar
0%

Distribución de puntuación

Porcentaje por número respondido

Porcentaje de gente con cada puntuación

Historial de tus puntuaciones

No has intentado esta prueba.